|
|
|
|
| LEADER |
00000nam0a2200000 4500 |
| 001 |
49808 |
| 005 |
20231031032659.0 |
| 010 |
|
|
|a 5060043878
|
| 035 |
|
|
|a (RuTPU)RU\TPU\book\52151
|
| 090 |
|
|
|a 49808
|
| 100 |
|
|
|a 20030407d2002 m y0rusy50 ca
|
| 101 |
0 |
|
|a rus
|
| 102 |
|
|
|a RU
|
| 105 |
|
|
|a y g 000zy
|
| 200 |
1 |
|
|a Образование: 100 вопросов - 100 ответов
|e Справочник
|f Санкт-Петербургская межрегиональная ассоциация дополнительного образования
|
| 205 |
|
|
|a 2-е изд., испр. и доп.
|
| 210 |
|
|
|a Москва
|c Высшая школа
|d 2002
|
| 215 |
|
|
|a 188 с.
|
| 610 |
1 |
|
|a образование
|
| 610 |
1 |
|
|a высшее образование
|
| 610 |
1 |
|
|a школьное образование
|
| 610 |
1 |
|
|a профессиональное образование
|
| 610 |
1 |
|
|a единый государственный экзамен
|
| 610 |
1 |
|
|a вузы
|
| 610 |
1 |
|
|a поступление
|
| 610 |
1 |
|
|a справочники
|
| 686 |
|
|
|a Ч30/49я2
|v LBC/SL-A
|2 rubbk
|
| 686 |
|
|
|a Ч48я2
|v LBC/SL-A
|2 rubbk
|
| 712 |
0 |
2 |
|a Санкт-Петербургская межрегиональная ассоциация дополнительного образования
|
| 801 |
|
1 |
|a RU
|b 63413507
|c 20030407
|g PSBO
|
| 801 |
|
2 |
|a RU
|b 63413507
|c 20120306
|g PSBO
|
| 942 |
|
|
|c BK
|